Squadra titolare della juventus 25-26 - Statistics

General Stats
  • This quiz has been taken 21 times
  • The average score is 10 of 11
Answer Stats
Hint Answer % Correct
dc Bremer
100%
por Di Gregorio
100%
att Vlahovic
100%
as Yildiz
100%
cc Locatelli
95%
cc Thuram K.
95%
td Kalulu
89%
es Cambiaso
84%
ad Conceicao
84%
dc Kelly
79%
ed McKennie
63%
No matching quizzes found
Score Distribution
Percent of People with Each Score
Percentile by Number Answered
Your Score History
You have not taken this quiz